00269nam a2200109Ia 4500008004100000041000800041082001000049100002700059245004100086260001500127650001700142240830s1901 xx 000 0 und d aeng a0 KHE aKHEMRAJ SHRIKRISHNADAS aRASARAJ MAHODDHIPANCHO BHAG SAMPURNA bN.D.c1901 aRASA-SHASTRA